[Collection containing 1 Mass Ordinary section, 21 motets (1 fragmentary), 15 Dutch sacred pieces, 1 German sacred piece (without text), 3 French secular pieces.]

Contains works by Clemens non Papa, Crecquillon, Isaac, Othmayr, Paminger, and others.

Saved in:
Bibliographic Details
Corporate Author: Ratsschulbibliothek Zwickau.
Format: Musical Score
Language:Latin
Published: 1563.
Subjects:
Tags: Add Tag
No Tags, Be the first to tag this record!
LEADER 01148ndm a2200277 4500
001 007717681-2
005 20020606104010.5
008 980225s1563 xx muz| a nn| lat d
035 0 |a ocm39044653 
040 |a MH-Mu  |c MH-Mu 
041 0 |a latdutgerfre 
047 |a ms  |a mo  |a zz  |a cp 
110 2 |a Ratsschulbibliothek Zwickau.  |k Manuscript.  |n LXXXVI, 2. 
245 0 0 |a [Collection containing 1 Mass Ordinary section, 21 motets (1 fragmentary), 15 Dutch sacred pieces, 1 German sacred piece (without text), 3 French secular pieces.] 
260 |c 1563. 
300 |a 2 ms. parts. 
510 4 |a Census-catalogue of manuscript sources of polyphonic music 1400-1550,  |c IV, p. 202-203 (ZwiR 86/2). 
500 |a Altus and bassus parts. Both parts are incomplete; many original folios now missing from both books. 
520 |a Contains works by Clemens non Papa, Crecquillon, Isaac, Othmayr, Paminger, and others. 
650 0 |a Masses  |y 16th century  |x Parts. 
650 0 |a Motets  |y 16th century. 
650 0 |a Sacred vocal music  |y 16th century. 
650 0 |a Polyphonic chansons  |y 16th century. 
650 0 |a Music  |x Manuscripts. 
988 |a 20020608 
906 |0 MH